ប្រសិទ្ធភាពសេដ្ឋកិច្ចនៃការនាំចេញឈើមូលនៅព្រះរាេះជាណាចក្រកម្ពុជា (Record no. 2982)

000 -LEADER
fixed length control field 00579nam a22001577a 4500
003 - CONTROL NUMBER IDENTIFIER
control field OSt
005 - DATE AND TIME OF LATEST TRANSACTION
control field 20151102151043.0
008 - FIXED-LENGTH DATA ELEMENTS--GENERAL INFORMATION
fixed length control field 151102b xxu||||| |||| 00| 0 eng d
040 ## - CATALOGING SOURCE
Transcribing agency RUA
082 ## - DEWEY DECIMAL CLASSIFICATION NUMBER
Classification number FOR ពេជ 1995 B120 Or.1
100 ## - MAIN ENTRY--PERSONAL NAME
9 (RLIN) 3194
Personal name ពេជ សុវត្ថារ៉ា
245 ## - TITLE STATEMENT
Title ប្រសិទ្ធភាពសេដ្ឋកិច្ចនៃការនាំចេញឈើមូលនៅព្រះរាេះជាណាចក្រកម្ពុជា
260 ## - PUBLICATION, DISTRIBUTION, ETC. (IMPRINT)
Place of publication, distribution, etc. Phnom Penh
Name of publisher, distributor, etc. RUA
Date of publication, distribution, etc. 1995
300 ## - PHYSICAL DESCRIPTION
Extent 75p.
Other physical details ill.
Dimensions 29cm.
942 ## - ADDED ENTRY ELEMENTS (KOHA)
Source of classification or shelving scheme
Koha item type FOR
Holdings
Price effective from Date last seen Permanent Location Not for loan Date acquired Source of classification or shelving scheme Koha item type Barcode Lost status Damaged status Shelving location Withdrawn status Current Location Full call number
2015-11-022015-11-02Library Block B 2015-11-02 FORRUA010556  B116 Library Block BFOR ពេជ 1995 B120 Or.1
2015-11-022015-11-02Library Block B 2015-11-02 FORRUA027570  B116 Library Block BFOR ពេជ 1995 B120 Or.2
2015-11-022015-11-02Library Block B 2015-11-02 FORRUA010683  B116 Library Block BFOR ពេជ 1995 B120 Or.3
2015-11-022015-11-02Library Block B 2015-11-02 FORRUA010690  B116 Library Block BFOR ពេជ 1995 B120 Or.4
2015-11-022015-11-02Library Block B 2015-11-02 FORRUA026024  B116 Library Block BFOR ពេជ 1995 B120 Or.5
មជ្ឈមណ្ឌលឯការនៃសាកលវិទ្យាល័យភូមិន្ទកសិកម្មចំការដូង

Powered by Koha